| 000 | 01375cam a2200313 i 4500 | ||
|---|---|---|---|
| 999 |
_c328871 _d328871 |
||
| 001 | 17922796 | ||
| 003 | Nust | ||
| 005 | 20170418132002.0 | ||
| 008 | 131030s2015 nyua 001 0 eng | ||
| 010 | _a 2013042978 | ||
| 020 | _a9780078110399 (alk. paper) | ||
| 040 |
_aDLC _beng _cDLC _erda _dDLC |
||
| 042 | _apcc | ||
| 050 | 0 | 0 |
_aLB1028 _b.F665 2015 |
| 082 | 0 | 0 |
_a370.72 FRA _223 |
| 100 | 1 |
_aFraenkel, Jack R., _d1932- |
|
| 245 | 1 | 0 |
_aHow to design and evaluate research in education / _cJack R. Fraenkel, San Francisco State University, Norman E. Wallen, San Francisco State University, Helen H. Hyun, San Francisco State University. |
| 250 | _aNinth edition. | ||
| 264 | 1 |
_aNew York : _bMcGraw-Hill Education, _c[2015] |
|
| 300 |
_a1 volume (various pagings) ; _billustrations ; _c26 cm |
||
| 336 |
_atext _2rdacontent |
||
| 337 |
_aunmediated _2rdamedia |
||
| 338 |
_avolume _2rdacarrier |
||
| 500 | _aIncludes index. | ||
| 650 | 0 |
_aEducation _xResearch _xMethodology. |
|
| 650 | 0 |
_aEducation _xResearch _xEvaluation. |
|
| 650 | 0 | _aProposal writing in educational research. | |
| 906 |
_a7 _bcbc _corignew _d1 _eecip _f20 _gy-gencatlg |
||
| 942 |
_2ddc _cBK |
||